ბათუმის შოთა რუსთაველის სახელმწიფო უნივერსიტეტის ბიბლიოთეკა

Цезарь Август / (ბიბ.ჩანაწერი № 60921)

000 -LEADER
fixed length control field 00575nam a22001697a 4500
005 - DATE AND TIME OF LATEST TRANSACTION
control field 20231117172855.0
008 - FIXED-LENGTH DATA ELEMENTS--GENERAL INFORMATION
fixed length control field 231117s1990 ru ||||| |||| 00| 0 rus d
020 ## - INTERNATIONAL STANDARD BOOK NUMBER
International Standard Book Number 5020272884
041 ## - LANGUAGE CODE
Language code of text/sound track or separate title rus
080 ## - UNIVERSAL DECIMAL CLASSIFICATION NUMBER
Universal Decimal Classification number 94(37)(092) Ш-65
100 ## - MAIN ENTRY--PERSONAL NAME
Personal name Шифман, И.Ш.
9 (RLIN) 20431
245 ## - TITLE STATEMENT
Title Цезарь Август /
Statement of responsibility, etc. И.Ш. Шифман.
264 ## - PRODUCTION, PUBLICATION, DISTRIBUTION, MANUFACTURE, AND COPYRIGHT NOTICE
Place of production, publication, distribution, manufacture Л.:
Name of producer, publisher, distributor, manufacturer Издательство «Наука», Ленинградское отделение,
Date of production, publication, distribution, manufacture, or copyright notice 1990.
300 ## - PHYSICAL DESCRIPTION
Extent 189 с.:
Other physical details ил;
Dimensions 20 см.
653 ## - INDEX TERM--UNCONTROLLED
keyword კეისარი ავგუსტი
942 ## - ADDED ENTRY ELEMENTS (KOHA)
Source of classification or shelving scheme
Koha item type წიგნი
ეგზემპლარები
Withdrawn status Lost status Source of classification or shelving scheme Damaged status Not for loan Permanent Location Current Location Shelving location Date acquired Cost, normal purchase price Full call number Barcode Date last seen Copy number Uniform Resource Identifier Price effective from Koha item type Public note
          ბათუმის შოთა რუსთაველის სახელმწიფო უნივერსიტეტის მთავარი ბიბლიოთეკა ბათუმის შოთა რუსთაველის სახელმწიფო უნივერსიტეტის მთავარი ბიბლიოთეკა წიგნსაცავი 2023-11-17 5.00 94(37)(092) Ш-65 65473 2023-11-17 65473 ბსუ-ს საპატიო დოქტორის გურამ ლორთქიფანიძის საჩუქარი 2023-11-17 წიგნი 5 ლ.